|
|
|
|
| LEADER |
00000nam0a2200000 4500 |
| 001 |
41011 |
| 005 |
20231101210649.0 |
| 010 |
|
|
|a 5901837010
|
| 035 |
|
|
|a (RuTPU)RU\TPU\book\42078
|
| 090 |
|
|
|a 41011
|
| 100 |
|
|
|a 20020603d2001 k y0rusy50 ca
|
| 101 |
0 |
|
|a rus
|
| 102 |
|
|
|a RU
|
| 105 |
|
|
|a a g 001zy
|
| 200 |
1 |
|
|a Спектры люминесценции минералов
|e Справочник
|f Б. С. Горобец, А. А. Рогожин
|g Всероссийский научно-исследовательский институт минерального сырья имени Н. М. Федоровского
|
| 210 |
|
|
|a Москва
|c Изд-во ВИМС
|d 2001
|
| 215 |
|
|
|a 312 с.
|c ил.
|
| 225 |
1 |
|
|a Минеральное сырье
|v N 11
|
| 320 |
|
|
|a Библиогр.: с. 294-305.
|
| 320 |
|
|
|a Алф. указ. минералов: с. 306-311.
|
| 606 |
1 |
|
|a Минералы
|x Люминесценция
|2 stltpush
|3 (RuTPU)RU\TPU\subj\43998
|9 63394
|
| 610 |
1 |
|
|a минералогия
|
| 610 |
1 |
|
|a минералы
|
| 610 |
1 |
|
|a спектры
|
| 610 |
1 |
|
|a природа
|
| 610 |
1 |
|
|a люминесцентные вещества
|
| 610 |
1 |
|
|a геосфера
|
| 610 |
1 |
|
|a космос
|
| 610 |
1 |
|
|a земная атмосфера
|
| 610 |
1 |
|
|a литосфера
|
| 610 |
1 |
|
|a минеральное сырье
|
| 610 |
1 |
|
|a справочники
|
| 675 |
|
|
|a 549:53(03)
|v 3
|
| 700 |
|
1 |
|a Горобец
|b Б. С.
|g Борис Соломонович
|
| 701 |
|
1 |
|a Рогожин
|b А. А.
|g Александр Алексеевич
|
| 712 |
0 |
2 |
|a Всероссийский научно-исследовательский институт минерального сырья имени Н. М. Федоровского
|2 stltpush
|3 (RuTPU)RU\TPU\col\701
|
| 801 |
|
1 |
|a RU
|b 63413507
|c 20020603
|g PSBO
|
| 801 |
|
2 |
|a RU
|b 63413507
|c 20130320
|g PSBO
|
| 942 |
|
|
|c BK
|